000 00558nam a2200205Ia 4500
003 GCL
008 140319s9999 xx 000 0 eng d
040 _aGCL /
_cGCL
082 0 4 _a341.33
_bK K
100 1 _aKUWAIT INFORMATION CENTER
245 1 0 _aKUWAIT DIPLOMACY AGAINST IRAQ'S INVASION OF KUWAIT /
_cKUWAIT INFORMATION CENTER
260 _a[S.N] :
_bKUWAIT INFORMATION CENTER ،
_c1992
300 _a340 P
650 0 4 _aMIDDLE EAST
650 0 4 _aKUWAIT
650 0 4 _aIRAQ
650 0 4 _aINTERNATIONAL LAW
650 0 4 _aGULF WAR
942 _2ddc
_cBK
999 _c17250
_d17250